Reglamento y plan de estudios del instituto secundario de la facultad de bellas artes

保存先:
書誌詳細
団体著者: Universidad de Chile (著者)
フォーマット: 図書
言語:スペイン語
出版事項: Santiago Prensas de la Universidad de Chile 1938
主題:
タグ: タグ追加
タグなし, このレコードへの初めてのタグを付けませんか!

MARC

LEADER 00000nam a2200000 a 4500
001 UCU6427
003 CL-VaPUC
008 960621e19380000CL |||||||||||||||||spa|d
082 0 4 |a 378.194  |b UNI  |2 21 
110 2 |a Universidad de Chile  |e author  |9 364580 
245 1 0 |a Reglamento y plan de estudios del instituto secundario de la facultad de bellas artes 
300 |a 10 p 
942 |c BK 
945 |d 19960621 00:00:00  |a rbrito 
260 |a Santiago  |b Prensas de la Universidad de Chile  |c 1938 
650 0 |a Educación superior   |9 223851 
650 7 |a EXAMEN DE ADMISION  |2 CL-VaPUC  |9 364581 
583 |a last modification  |c 20170606 01:00:56  |k Rodrigo Vera 
999 |c 249341  |d 249339 
952 |0 0  |1 0  |4 0  |6 378_194000000000000_UNI_1938  |7 0  |8 P  |9 266546  |a BIBEDU  |b BIBEDU  |c BIBEDU_PB  |d 2019-11-19  |i 3095703  |o 378.194 UNI 1938  |p 3095703  |r 2019-11-19  |w 2019-11-19  |y BK  |k EDU